000 00943 a2200241 4500
003 OSt
005 20180116182835.0
008 170403b xxu||||| |||| 00| 0 eng d
020 _a0071198644 (hardcover)
020 _a9780071198646 (hardcover)
040 _c0
082 0 4 _a658.3 NEO 2002
100 _a Noe, Raymond A.
245 1 0 _aHuman resource management :
_bgaining a competitive advantage /
_cRaymond A. Noe.
250 _a4th ed.
260 _a[S.l.] :
_bIrwin/McGraw-Hill,
_c2002.
300 _a740 p. ;
_c26 cm.
440 _aHuman resource management :
520 _aThis text aims to give the student technical background neecessary to be consumers of human resource (HR) products and services, to manage HR effectively, or to be a successful HR professional.
700 1 _aNoe, Raymond A.
856 4 0 _3Amazon.com
_uhttp://www.amazon.com/exec/obidos/ASIN/0071198644/chopaconline-20
942 _aNBS
_cBK
_k658.3 NOE
_2ddc
999 _c347049
_d347049